• 首页
  • 本馆介绍
  • 公告通知
  • 最新文献
  • 馆藏检索
  • 电子资源
  • 读者导购
  • 参考咨询
  • 我的图书馆
  • 登录
  • 详细信息显示
  • 放入我的书架
  • 预约/预借图书
  • 作者相关作品
  • 分类相关作品
  • 丛书相关作品
  • 出版社相关作品

书目信息

  • 表格格式
  • 工作单格式
  • 卡片格式
题名:
Java程序设计高级教程
    
 
作者: 赵卓君 主编
分册:  
出版信息: 北京   清华大学出版社  2017
页数: 310页
开本: 26cm
丛书名: 高等院校计算机应用技术系列教材
单 册:
中图分类: TP312JA-43
科图分类:
主题词: JAVA语言--JAVA yu yan--程序设计--高等学校--教材
电子资源:
ISBN: 978-7-5121-0657-4
000 01038nam 2200277 45
001 012001002854
005 20140125152530.0
010    @a978-7-5121-0657-4@dCNY33.00
099    @aCAL 012011300288
100    @a20110820d2011 ekmy0chiy0121 ea
101 0  @achi
102    @aCN@b110000
105    @aak a 000yy
106    @ar
200 1  @aJava程序设计高级教程@AJava cheng xu she ji gao ji jiao cheng@f赵卓君主编
210    @a北京@c清华大学出版社@c北京交通大学出版社@d2017
215    @a310页@c图@d26cm
225 2  @a高等院校计算机应用技术系列教材@Agao deng yuan xiao ji suan ji ying yong ji shu xi lie jiao cai
320    @a有书目
330    @a本书内容包括:泛型和泛型接口,序列化和反序列化,GUI图形用户界面编程,JDBC数据库编程,Java中的多线程,Applet和网络编程等。
410  0 @12001@a高等院校计算机应用技术系列教材
606 0  @aJAVA语言@AJAVA yu yan@x程序设计@x高等学校@j教材
690    @aTP312JA-43@v4
701  0 @a赵卓君@Azhao zhuo jun@4主编
801  0 @aCN@b北京卓展@c20191020
905    @b1204520-3@dTP312JA-43@e1572@f4
    
    Java程序设计高级教程/赵卓君主编.-北京:清华大学出版社:北京交通大学出版社,2017
    310页:图;26cm.-(高等院校计算机应用技术系列教材)
    
    
    ISBN 978-7-5121-0657-4:CNY33.00
    本书内容包括:泛型和泛型接口,序列化和反序列化,GUI图形用户界面编程,JDBC数据库编程,Java中的多线程,Applet和网络编程等。
●
相关链接 在E读中查询图书 在五车中查询图书 在当当中查询图书 在豆瓣中查询图书


正题名:Java程序设计高级教程     索取号:TP312JA-43/1572         预约/预借

序号 登录号 条形码 馆藏地/架位号 状态 备注
1 1204520   212045204   第二样本阅览室/ [索取号:TP312JA-43/1572] 在馆    
2 1204521   212045213   第三借阅区/ [索取号:TP312JA-43/1572] 在馆    
3 1204522   212045222   第三借阅区/ [索取号:TP312JA-43/1572] 在馆    
4 1204523   212045231   第三借阅区/ [索取号:TP312JA-43/1572] 在馆    
唐山师范学院图书馆 欢迎您!
大连网信软件有限公司© 版权所有